| 000 | 00551nam a22001697a 4500 | ||
|---|---|---|---|
| 999 |
_c14042 _d14042 |
||
| 008 | 160926b xxu||||| |||| 00| 0 eng d | ||
| 020 | _a9780073534961 | ||
| 020 | _a9780073283418 | ||
| 050 |
_aQA 276.12 _b .B585 2008 |
||
| 100 | _aBlueman, Allan G. | ||
| 245 |
_aElementary statistics: _ba brief verson / _cAllan G. Blueman. |
||
| 250 | _a4th ed. | ||
| 260 |
_aBoston: _bMcgraw hill, _c2008. |
||
| 300 |
_axxxiv,657p.(various pagings) _bill.;(some col.); _c27cm |
||
| 650 | _aStatistics. | ||
| 942 |
_2lcc _cBOOKS _hQA 276.12 .B585 2008 _01 |
||